Combustion y transferencia de masa de un texto con ejercicios de opción múltiple para estudiantes de ingeniería
| Main Author: | |
|---|---|
| Format: | Section = Libro |
| Language: | Undetermined Spanish |
| Published: |
México
Continental
1983
|
| Subjects: |
| LEADER | 00554nam a2200181Ia 4500 | ||
|---|---|---|---|
| 008 | 240830s9999 xx 000 0 und d | ||
| 020 | |a 968-26-0401-X | ||
| 040 | |a CEDOC FIQ-RUSB / 621.4023 S734 | ||
| 041 | |a spa | ||
| 082 | |a 621.4023 S734 | ||
| 100 | 1 | |a Spalding, D.Brian | |
| 245 | 1 | 0 | |a Combustion y transferencia de masa de un texto con ejercicios de opción múltiple para estudiantes de ingeniería |
| 260 | |a México |b Continental |c 1983 | ||
| 300 | |a 400 p. : il | ||
| 650 | 7 | |a TRANSMISION DEL CALOR | |
| 942 | |c BK |2 ddc | ||
| 991 | |a TEXTO | ||
| 999 | |c 14202 | ||